LEADER 01320nam a2200289 i 4500 001 000000162689 003 CaOOAMICUS 005 20070704000000.0 008 070704s2007 it u000 u ita u 013 $a140053 020 $a978-88-06-16100-2 040 $aSeMil$bita 100 1 $aSciuto, Italo.$0(OLS)http://semarc/name/43516 245 12$aL'etica nel Medioevo :$bprotagonisti e percorsi (5.-14. secolo) /$cItalo Sciuto. 260 $aTorino :$bPiccola Biblioteca Einaudi,$c2007. 300 $aXVIII, 362 p. ;$c20 cm. 490 0 $aPiccola biblioteca Einaudi. Nuova serie ;$v369 500 $aContiene : Bibliografia. 650 4$aMorale - Storia - Medioevo - Sec. 5.-14.$0(OLS)http://semarc/subject/30953 650 4$aEtica - Filosofia - Sec. 5.-14.$0(OLS)http://semarc/subject/30954 830 0$aPiccola biblioteca Einaudi. Nuova serie ;$v369.$0(OLS)http://semarc/title/7479 850 $aSeMil 852 $aSeMil$W1$xVenegono$y1$m3T II 158$j114020$B114020$CSeMilBibl$Z2$F125688 $81 961 $aAcquisto: Einaudi (Agente) 996 $6020$a978-88-06-16100-2$9(OLS)http://semarc/number/148692 996 $6245$aL'etica nel Medioevo :$bprotagonisti e percorsi (5.-14. secolo)$9(OLS)http://semarc/title/232085 996 $6260$aTorino :$bPiccola Biblioteca Einaudi$9(OLS)http://semarc/publisher/34351 LEADER 01043nam a2200241 i 4500 001 000000198299 003 CaOOAMICUS 005 20110301000000.0 008 110301s1998 it u000 u ita u 013 $a176987 040 $aSeMil$bita 100 1 $aBuscemi, Francesco.$0(OLS)http://semarc/name/71759 245 10$aElogio di Marcello Lefebvre /$cFrancesco Buscemi. 260 $a[S.l.] :$bMovimento Nazionale per la Rinascenza delle Patrie lettere e le scienze umane,$cstampa 1998. 300 $a53 p. ;$c29 cm. 500 $aFondo Card. C.M. Martini. 600 14$aLefebvre, Marcel .$0(OLS)http://semarc/subject/12382 850 $aSeMil 852 $aSeMil$W1$xVenegono$y1$m5D XI 17/9$j148855$B148855$CSeMilBibl$Z2$F160283 $81 941 1 $a4 961 $aOmaggio: Martini Card. Carlo Maria 996 $6245$aElogio di Marcello Lefebvre$9(OLS)http://semarc/title/286499 996 $6260$a[S.l.] :$bMovimento Nazionale per la Rinascenza delle Patrie lettere e le scienze umane$9(OLS)http://semarc/publisher/51129